000 00686nam a2200217Ii 4500
003 JO-AjNU
008 230606s9999||||xx |||||||||||||| ||und||
020 _a0-471-11072-8
040 _aJO-AjNU
_beng
_erda
_cJO-AjNU
041 _aeng
050 1 4 _aHF5679.M62 1997
100 3 _aMoscove,Stephen A / Simkin,Mark G /Bagranoff,Nancy A,
_eauthor
_93229
245 0 0 _aCore Concepts of Accounting Information Systems
250 _a5th ed
264 3 1 _aNew York : John Wiley andSons inc,1997
300 _a383p
_b Includes indexes(p379-383)
336 _atext
_btxt
_2rdacontent
337 _aunmediated
_bn
_2rdamedia
338 _avolume
_bnc
_2rdacarrier
650 4 _aAccounting
_93230
999 _aE1690
_c1690
_d1690